000 01460nam a2200373Ia 4500
001 Z_6894
003 CHAP
005 20230207143305.0
008 220113s2016 xx 000 0 und d
010 _a170167
040 _cCHAP
090 _aTesis B37 2513
100 _aBarreras Lechuga, Zuleyma Tsai
_9130749
245 _aEvaluación del desempeño productivo y zootécnico en conejos de engorda (Oryctolagus cuniculus) alimentados con un fitogénico natural /
_cZuleyma Tsai Barreras Lechuga y Karla Sánchez Samperio
260 _aMéxico :
_bEl autor,
_c2016
300 _a68 p.
502 _aTesis (Ingeniero Agrónomo Especialista en Zootecnia) -- UACh, 2016 \ Dirección: María del Rosario Campos Hernández; asesoría: José Artemio Cadena Meneses y Rubén Esquivel Velazquez
650 _aAlimentación
_94109
650 _aConejos
_926352
650 _aConsumo de alimento
_9145119
650 _aConversión alimenticia
_9144285
650 _aGanancia de peso
_9145326
650 _aRendimiento de canal
_9145673
700 _a Cadena Meneses, Artemio, asesor
_9146275
700 _a Campos Hernández, María del Rosario, director
_9146004
700 _a Esquivel Velazquez, Rubén, asesor
700 _aSánchez Samperio, Karla, coaut.
_9146276
856 4 2 _uhttp://10.13.5.2/tesis/sist112455.pdf
_yDescargar PDF
901 _aTESIS B37 2513
902 _aA
910 _a2016
942 _c2
_2ddc
942 _c2
_2ddc
999 _c170167
_d170167